Psicoanálisis de la sociedad contemporanea (Record no. 112877)
[ view plain ]
| 000 -LEADER | |
|---|---|
| fixed length control field | 00823cam a2200241 4500 |
| 005 - DATE AND TIME OF LATEST TRANSACTION | |
| control field | 20220502095104.0 |
| 008 - FIXED-LENGTH DATA ELEMENTS--GENERAL INFORMATION | |
| fixed length control field | 220502b mx ||||| |||| 00| 0 spa d |
| 020 ## - INTERNATIONAL STANDARD BOOK NUMBER | |
| International Standard Book Number | 9789681608521 |
| 050 04 - LIBRARY OF CONGRESS CALL NUMBER | |
| Classification number | HM271 |
| Item number | F76 1956 |
| 050 04 - LIBRARY OF CONGRESS CALL NUMBER | |
| Classification number | HM1251 |
| Item number | F76 1956 |
| 100 1# - MAIN ENTRY--PERSONAL NAME | |
| Personal name | Fromm, Erich |
| 240 14 - UNIFORM TITLE | |
| Uniform title | The sane society. |
| Language of a work | Español |
| 245 10 - TITLE STATEMENT | |
| Title | Psicoanálisis de la sociedad contemporanea |
| Remainder of title | : hacia una sociedad sana |
| Statement of responsibility, etc | / Erich Fromm ; tr. Florentino M. Torner. |
| 250 ## - EDITION STATEMENT | |
| Edition statement | 1a ed |
| 260 ## - PUBLICATION, DISTRIBUTION, ETC. (IMPRINT) | |
| Place of publication, distribution, etc | México : |
| Name of publisher, distributor, etc | Fondo de Cultura Económica, |
| Date of publication, distribution, etc | 1956 |
| 300 ## - PHYSICAL DESCRIPTION | |
| Extent | 308 p. ; |
| Dimensions | 21 cm. |
| 490 0# - SERIES STATEMENT | |
| Series statement | Biblioteca de Psicología y psicoanálisis |
| 504 ## - BIBLIOGRAPHY, ETC. NOTE | |
| Bibliography, etc | Incluye bibliografía e índice |
| 650 #7 - SUBJECT ADDED ENTRY--TOPICAL TERM | |
| Source of heading or term | lemb |
| Topical term or geographic name as entry element | Psicología social |
| 650 #7 - SUBJECT ADDED ENTRY--TOPICAL TERM | |
| Source of heading or term | lemb |
| Topical term or geographic name as entry element | Psicoanálisis |
| 700 1# - ADDED ENTRY--PERSONAL NAME | |
| Personal name | Torner, Florentino M., |
| Relator term | traductor |
| 942 ## - ADDED ENTRY ELEMENTS (KOHA) | |
| Source of classification or shelving scheme | Biblioteca del Cogreso de los Estados Unidos |
| Koha item type | Libro |
| Estado de pérdida | Fuente de clasificación | Estado del daño | No para préstamo | Ubicación permanente | Ubicación actual | Apartado o colección | Fecha de adquisición | Fuente de adquisición | Edición | Dependencia de educación superior (DES) | Área del conocimiento | Clasificación | Código de Barras | Date last seen | Número de copia | Tipo de recurso | Total Checkouts | Costo por reposición |
|---|---|---|---|---|---|---|---|---|---|---|---|---|---|---|---|---|---|---|
| Biblioteca del Cogreso de los Estados Unidos | Biblioteca de la Facultad de Filosofía | Biblioteca de la Facultad de Filosofía | General | 08/02/2016 | Unidad Académica Genérico | 1a ed. | Humanidades | Educación y Humanidades | HM271 F76 r2013 | BFF000015084 | 08/02/2016 | C:1 | Libro | |||||
| Biblioteca del Cogreso de los Estados Unidos | Biblioteca de la Facultad de Filosofía | Biblioteca de la Facultad de Filosofía | General | 08/02/2016 | Unidad Académica Genérico | 1a ed. | Humanidades | Educación y Humanidades | HM271 F76 r2013 | BFF000015085 | 08/02/2016 | C:2 | Libro | |||||
| Biblioteca del Cogreso de los Estados Unidos | Biblioteca de la Facultad de Filosofía | Biblioteca de la Facultad de Filosofía | General | 04/06/2018 | Programa de Fortalecimiento de la Calidad en Instituciones Educativas 2014 | 1a ed. | Humanidades | Educación y Humanidades | HM271 F76 r2013 | BFF000029540 | 04/06/2018 | C:3 | Libro | |||||
| Biblioteca del Cogreso de los Estados Unidos | Biblioteca de la Facultad de Filosofía | Biblioteca de la Facultad de Filosofía | General | 28/06/2018 | Programa de Fortalecimiento de la Calidad en Instituciones Educativas 2014 | 1a ed. | Humanidades | Educación y Humanidades | HM271 F76 r2013 | BFF000029753 | 28/06/2018 | C:4 | Libro | |||||
| Biblioteca del Cogreso de los Estados Unidos | Biblioteca de la Facultad de Filosofía | Biblioteca de la Facultad de Filosofía | General | 28/06/2018 | Programa de Fortalecimiento de la Calidad en Instituciones Educativas 2014 | 1a ed. | Humanidades | Educación y Humanidades | HM271 F76 r2013 | BFF000029754 | 28/06/2018 | C:5 | Libro | |||||
| Biblioteca del Cogreso de los Estados Unidos | Biblioteca de la Facultad de Letras | Biblioteca de la Facultad de Letras | General | 02/05/2022 | Donación | 1a ed. | Ciencias Sociales y Administrativas | HM1251 F76 r2013 | LLH000009974 | 02/05/2022 | 1 | Libro | 1.00 |